| 000 | 00793na a2200241 4500 | ||
|---|---|---|---|
| 001 | 14728 | ||
| 003 | MIRAKIL | ||
| 005 | 20181213154942.0 | ||
| 008 | 160918b tu 000 0 | ||
| 035 | _a14728 | ||
| 040 |
_aMilas _btur _cTR-AnCHP |
||
| 082 |
_aCHP 351.72 _bC36m 1993 |
||
| 090 | _aCHP 351.72 C36m 1993 | ||
| 110 | _aCHP Grup Başkanlığı | ||
| 245 |
_aMeclisde CHP - I _b1993 mali yılı bütçesi üzerinde CHP grubunun görüşleri _cCHP |
||
| 260 |
_a[Ankara] _b[yayl.y.] _c1993 _fYorum Basın Yayın |
||
| 300 |
_a385 s. _c19 sm. |
||
| 610 |
_aCHP _xBütçe görüşleri _yTBMM |
||
| 610 |
_aCHP _xMali yılı bütçesi, 1993 _yMeclis konuşmaları |
||
| 650 |
_aBütçe _xSiyasal partiler _zTürkiye |
||
| 650 |
_aMali yılı bütçesi, 1993 _zTürkiye |
||
| 942 |
_2ddc _cBKS |
||
| 999 |
_c3771 _d3771 |
||